Historia del marxismo (3) El marxismo en la época de la segunda internacional (1)
Wedi'i Gadw mewn:
| Awdur Corfforaethol: | |
|---|---|
| Fformat: | Texto |
| Cyhoeddwyd: |
Barcelona:
Bruguera
|
| Tagiau: |
Ychwanegu Tag
Dim Tagiau, Byddwch y cyntaf i dagio'r cofnod hwn!
|
MARC
| LEADER | 00000 a a2200000 04500 | ||
|---|---|---|---|
| 001 | 24926 | ||
| 003 | |||
| 040 | |||
| 020 | |a 84-02-07045-0 | ||
| 090 | |a 178400 | ||
| 110 | |a Bruguera | ||
| 245 | |a Historia del marxismo (3) El marxismo en la época de la segunda internacional (1) | ||
| 260 | |a Barcelona: |b Bruguera | ||
| 300 | |a 281 p. | ||
| 999 | |c 1172 |d 1172 | ||



